000 00295nam a2200121Ia 4500
005 20251028132339.0
008 251020t2016||||xx |||||||||||||| ||spa||
041 _aspa
100 _aFernández Farreres, Germán
245 0 _aSistema de derecho administrativo II
260 _c2016
942 _CLB
_cLB
999 _c764
_d764